| 000 | 00603nam a2200217 a 4500 | ||
|---|---|---|---|
| 005 | 20140310183459.0 | ||
| 008 | 100114s19uu xx 00 eng d | ||
| 020 | _a0781772710 | ||
| 050 |
_aRT 41 _b.T583 2007 |
||
| 100 | _aTimby, Barbara K. | ||
| 245 |
_aIntroductory medical-surgical nursing. / _cBarbara K. Timby, Nancy E. Smith. |
||
| 250 | _a9th ed. | ||
| 260 |
_aPhiladelphia : _bLippincott, _c2007. |
||
| 300 |
_a422 p. : _bill. ; _c26 cm. |
||
| 521 | _aNUR | ||
| 650 | _aNursing. | ||
| 650 | _aSurgical Nursing. | ||
| 700 | _aSmith, Nancy E. | ||
| 942 |
_cBK _2lcc _kFOR |
||
| 999 |
_c23790 _d23790 |
||